03505cam a2200385 a 450000100090000000300050000900500170001400800410003101000170007202000290008902000260011804000180014404200080016205000240017008200210019408400340021524500790024925000120032826000400034030000520038049000510043250000080048350400510049152014890054252008050203165000250283665000360286165000370289765000250293465000360295965000350299565000460303070000230307670000200309917210021NUST20170620121041.0120314s2012 fluab b 001 0 eng  a 2012003955 a9780415697194 (hardback) a0415697190 (hardback) aDLCcDLCdDLC apcc00aTD427.A77bM48 201200a612.3926 SAN223 aMED096000aSCI0260002bisacsh04aThe metabolism of arsenite /ceditors: Joanne M. Santini & Seamus A. Ward. a1st ed. aBoca Raton, FL :bCRC Press,c2012. axxv, 189 p. :bill. (some col.), maps ;c26 cm.0 aArsenic in the environment,v1876-6218 ;vv. 5 aH.B aIncludes bibliographical references and index. a"Up to 200 million people in 70 countries are at risk from drinking water contaminated with arsenic, which is a major cause of chronic debilitating illnesses and fatal cancers. Until recently little was known about the mobility of arsenic, and how redox transformations determined its movement into or out of water supplies. Although human activities contribute to the release of arsenic from minerals, it is now clear that bacteria are responsible for most of the redox transformation of arsenic in the environment. Bacterial oxidation of arsenite (to the less mobile arsenate) has been known since 1918, but it was not until 2000 that a bacterium was shown to gain energy from this process. Since then a wide range of arsenite-oxidizing bacteria have been isolated, including aerobes and anaerobes; heterotrophs and autotrophs; thermophiles, mesophiles and psychrophiles. This book reviews recent advances in the study of such bacteria. After a section on background geology and health issues the main body of the book concerns the cellular machinery of arsenite oxidation. It concludes by examining possible applications. Topics treated are: The geology and cycling of arsenic Arsenic and disease Arsenite oxidation: physiology, enzymes, genes, and gene regulation. Community genomics and functioning, and the evolution of arsenite oxidation Microbial arsenite oxidation in bioremediation Biosensors for arsenic in drinking water and industrial effluents"--cProvided by publisher. a"Arsenite contamination of drinking water is a major cause of chronic illness and mortality in many countries, but until recently little was known of the processes determining its movement and concentration. Bacterial oxidation of arsenite was first described in 1918 and thought to be a means of detoxification. It was not until 2000 that the first autotrophic arsenite-oxidising bacterium was isolated and shown to gain energy from arsenite oxidation. Since then a wide range of such bacteria has been isolated and the literature on the topic has grown rapidly. This book reviews the new understanding of the diversity and abundance of such organisms, their role in arsenic cycling in the environment and their possible relations with arsenic-dependent diseases in humans"--cProvided by publisher. 0aArsenicxMetabolism. 0aArsenicxEnvironmental aspects. 0aDrinking waterxArsenic content. 0aArsenic in the body. 0aArsenic cycle (Biogeochemistry) 7aMEDICAL / Toxicology.2bisacsh 7aSCIENCE / Environmental Science.2bisacsh1 aSantini, Joanne M.1 aWard, Seamus A.